01159cam a2200313 a 450000100090000000300040000900500170001300800410003001000170007102000430008802000380013102000190016904000180018804200080020605000200021408200180023410000220025224501240027425000120039826000410041030000350045150400640048665000240055070000320057490600450060694200420065195201350069399900170082816606114OSt20230902140336.0110110s2011 nyua b 001 0 eng  a 2010054316 a9780765625984 (hardcover : alk. paper) a9780765625991 (pbk. : alk. paper) a97881138300064 aDLCcDLCdDLC apcc00aHB75b.H77 201100a330.09bHUN/H1 aHunt, E. K.9940010aHistory of economic thought :ba critical perspective /cE.K. Hunt and Mark Lautzenheiser ; [foreword by Robin Hahnel]. a3rd ed. aArmonk, N.Y. :bM.E. Sharpe,cc2011. axxiv, 579 p. :bill. ;c27 cm. aIncludes bibliographical references (p. 545-548) and index. 0aEconomicsxHistory.1 aLautzenheiser, Mark,d1968- a7bcbccorignewd1eecipf20gy-gencatlg 2ddccBKh330.09iHUN/Hk330.09mHUN/H 00102ddc40708ECONOMICSaMESbMEScECO d2023-09-02l0o330.09 HUN/Hp42294r2023-09-02 14:04:09v995.00w2023-09-02yBKzGL3R1 c42071d42071